| 000 | 00511nam a2200145 4500 | ||
|---|---|---|---|
| 999 |
_c15849 _d15849 |
||
| 008 | 201217b ||||| |||| 00| 0 eng d | ||
| 022 | _a0732-8435 | ||
| 082 | _aDPer 657.05 C33 Sept - Mar 2015, v. 85 - 86 | ||
| 100 |
_aKessler, Stuart. _942692 |
||
| 245 |
_aWhy financial planning make sense for CPAs/ _cStuart Kessler. |
||
| 260 |
_aNew York: _bThe New York State Society of CPA, _c©2015. |
||
| 300 |
_av85 n9, 6-9 pages: _billustrations; _c28 cm. |
||
| 650 |
_aFinancial _xPlanning. _942693 |
||
| 942 |
_2ddc _cPER |
||